Vista normal
Vista MARC
Entrada Topical Term
Número de registros utilizados en: 1
001 - CONTROL NUMBER
- control field: 74
003 - CONTROL NUMBER IDENTIFIER
- control field: OSt
005 - DATE AND TIME OF LATEST TRANSACTION
- control field: 20200129154718.0
008 - FIXED-LENGTH DATA ELEMENTS
- fixed length control field: 200129|| aca||aabn | a|a d
040 ## - CATALOGING SOURCE
- Original cataloging agency: OSt
- Transcribing agency: OSt
150 ## - HEADING--TOPICAL TERM
- Topical term or geographic name entry element: Ropa y vestidos --
670 ## - SOURCE DATA FOUND
- Source citation: Work cat.: (OSt): Fine, Anne, autora 72, Billi y el vestido rosa, 1994